|
|
|
|
| LEADER |
00729nnm a2200217 i 4500 |
| 001 |
eta4718 |
| 005 |
20210113085731.0 |
| 008 |
210113s2013 hu o 0|| eng d |
| 040 |
|
|
|a SZTE Elektronikus Tananyag Archívum
|b hun
|
| 041 |
|
|
|a eng
|
| 100 |
1 |
|
|a Bunke Horst
|
| 245 |
1 |
0 |
|a Exact graph matching
|h [elektronikus dokumentum] /
|c Bunke Horst
|
| 260 |
|
|
|c 2013
|
| 300 |
|
|
|a 24
|
| 516 |
|
|
|a Presentation
|
| 650 |
|
4 |
|a Természettudományok
|
| 650 |
|
4 |
|a Matematika
|
| 650 |
|
4 |
|a Elméleti és alkalmazott matematika
|
| 650 |
|
4 |
|a Számítás- és információtudomány
|
| 650 |
|
4 |
|a Számítástudomány, információtudomány és bioinformatika
|
| 856 |
4 |
0 |
|u https://eta.bibl.u-szeged.hu/4718/1/2010-0012_34_02.pdf
|z Dokumentum-elérés
|